01128nam a2200241 i 450000100060000000300090000600500170001500700030003200800410003508000220007611000640009824501830016226000540034530000300039950000430042950500920047261000780056470000420064270000390068485200240072399900170074795201220076433204ES-MaACL20230906154720.0t|030201s1918 sp ||||1| spa d a017.1(460.185 V.)2 aUniversidad de Valladolid. bBiblioteca Santa Cruz.914325210aCatálogos de la Biblioteca Universitaria y Provincial (Sta. Cruz) de Valladolid / credactados por el personal facultativo de las mismas bajo la dirección de Mariano Alcocer. aValladolid : b[s.n.], c1918 (fImp. Castellana) a1 vol. : bil. ; c24 cm. aEncuadernado con: Revista histórica.8 aContiene: Catálogo 1. Incunables y raros / por Don Saturnino Rivera Manescau (144 p.)24aUniversidad de Valladolid. bBiblioteca Santa Cruz-vCatálogos.91432531 aAlcocer y Martínez, Mariano.9195681 aRivera Manescau, Saturnino.997659 aES-MaACLjB-8547(2) c33204d33204 00104070aATENEOMbATENEOMcSPBd2008-01-17eSCl0oB-8547(2)p1034518r2023-02-23 00:00:00w2023-02-23yMONOGRAFIA